Catálogo
 En Linea

El amante / (Registro nro. 42875)

Detalles MARC
000 -CABECERA
campo de control de longitud fija 00626nam a2200217 a 4500
001 - NÚMERO DE CONTROL
campo de control 000043386
005 - FECHA Y HORA DE LA ÚLTIMA TRANSACCIÓN
campo de control 20201002040852.0
008 - DATOS DE LONGITUD FIJA--INFORMACIÓN GENERAL
campo de control de longitud fija 140312s1985 sp 000 f spa d
020 ## - NÚMERO INTERNACIONAL ESTÁNDAR DEL LIBRO
Número Internacional Estándar del Libro 8472232158
040 ## - FUENTE DE LA CATALOGACIÓN
Centro catalogador/agencia de origen DO-SdBNP
Lengua de catalogación spa
Centro/agencia transcriptor BNPHU
082 ## - NÚMERO DE LA CLASIFICACIÓN DECIMAL DEWEY
Número de clasificación xxx
Número de documento/Ítem D952a, 1985
100 1# - ENTRADA PRINCIPAL--NOMBRE DE PERSONA
Nombre de persona Duras, Margarite,
Fechas asociadas al nombre 1914-
9 (RLIN) 71048
245 13 - MENCIÓN DE TÍTULO
Título El amante /
Mención de responsabilidad, etc. Margarite Duras.
250 ## - MENCIÓN DE EDICIÓN
Mención de edición 8a ed.
260 ## - PUBLICACIÓN, DISTRIBUCIÓN, ETC.
Lugar de publicación, distribución, etc. Barcelona :
Nombre del editor, distribuidor, etc. Tusquets,
Fecha de publicación, distribución, etc. 1985.
300 ## - DESCRIPCIÓN FÍSICA
Extensión 146 p. ;
Dimensiones 21 cm.
490 1# - MENCIÓN DE SERIE
Mención de serie Andanzas
Designación de volumen o secuencia 15
500 ## - NOTA GENERAL
Nota general Incluye datos biográficos de la autora en la solapa
590 ## - NOTA LOCAL (RLIN)
Nota local Inventariado, 2019/VM
830 #0 - PUNTO DE ACCESO ADICIONAL DE SERIE-TÍTULO UNIFORME
Título uniforme Andanzas ;
Número de parte o sección de la obra 15
9 (RLIN) 71049
Existencias
Estado de retiro Estado de pérdida Restricciones de uso No para préstamo Código de colección Localización permanente Ubicación/localización actual Ubicación en estantería Fecha de adquisición Número de inventario Total de préstamos Signatura topográfica completa Código de barras Fecha visto por última vez Precio válido a partir de Tipo de ítem Koha
      Excluido de préstamo Monografías: Libros y Folletos General General Depósito 12.03.2014 LF1   xxx D952a, 1985 43386-10 25.06.2020 25.06.2020 No se presta

Con tecnología Koha